Banking theory (Record no. 87799)
[ view plain ]
| 000 -LEADER | |
|---|---|
| fixed length control field | 00573nam a2200205Ia 4500 |
| 003 - CONTROL NUMBER IDENTIFIER | |
| control field | OSt |
| 005 - DATE AND TIME OF LATEST TRANSACTION | |
| control field | 20240704102656.0 |
| 008 - FIXED-LENGTH DATA ELEMENTS--GENERAL INFORMATION | |
| fixed length control field | 210210b1983 xxu||||| |||| 00| 0 eng d |
| 040 ## - CATALOGING SOURCE | |
| Original cataloging agency | AL |
| Transcribing agency | |
| 041 ## - LANGUAGE CODE | |
| Language code of text/sound track or separate title | Kannada |
| 082 ## - DEWEY DECIMAL CLASSIFICATION NUMBER | |
| Classification number | 332.1K VENB |
| 100 ## - MAIN ENTRY--PERSONAL NAME | |
| Personal name | VENKATARAV (D). |
| 9 (RLIN) | 28446 |
| Dates associated with a name | ವೆಂಕಟರಾವ್ (ಡಿ) |
| 245 ## - TITLE STATEMENT | |
| Title | Banking theory |
| Remainder of title | ಬ್ಯಾಂಕಿಂಗ್ ಥಿಯರಿ |
| 260 ## - PUBLICATION, DISTRIBUTION, ETC. | |
| Place of publication, distribution, etc. | Maisuru |
| Name of publisher, distributor, etc. | Ar Em Prakashana |
| Date of publication, distribution, etc. | 1983 |
| 300 ## - PHYSICAL DESCRIPTION | |
| Extent | 163 |
| 650 ## - SUBJECT ADDED ENTRY--TOPICAL TERM | |
| Topical term or geographic name entry element | Byanking siddantha |
| 9 (RLIN) | 28447 |
| 690 ## - LOCAL SUBJECT ADDED ENTRY--TOPICAL TERM (OCLC, RLIN) | |
| Topical term or geographic name as entry element | Banking |
| 9 (RLIN) | 28448 |
| 906 ## - LOCAL DATA ELEMENT F, LDF (RLIN) | |
| a | 037344 |
| 942 ## - ADDED ENTRY ELEMENTS (KOHA) | |
| Source of classification or shelving scheme | Dewey Decimal Classification |
| Koha item type | Book |
| Withdrawn status | Lost status | Source of classification or shelving scheme | Damaged status | Not for loan | Collection code | Home library | Current library | Date acquired | Cost, normal purchase price | Total Checkouts | Full call number | Barcode | Date last seen | Price effective from | Koha item type | Shelving location |
|---|---|---|---|---|---|---|---|---|---|---|---|---|---|---|---|---|
| Dewey Decimal Classification | Economics | St Aloysius Library | St Aloysius Library | 02/17/2021 | 0.00 | 332.1K VENB | 037344 | 02/17/2021 | 02/17/2021 | Book | ||||||
| St Aloysius Library | St Aloysius Library | 02/17/2021 | 0.00 | 332.1K VENB | 038448 | 02/17/2021 | 02/17/2021 | Book |